000 00337nam a2200133 i 4500
001 bg
100 1 _aPONIEWSKI, Mieczysław
245 0 _aTermodynamiczna analiza kryzysu wrzenia błonowego /
_cM.Poniewski.
260 _aWarszawa,
_c1988.
040 _cBPK
041 _apol
942 _cKS
008 s pl f |000 0 pol
999 _c28831
_d28831
856 _uhttp://koha.tu.koszalin.pl/cgi-bin/koha/opac-detail.pl?biblionumber=28831
_yKatalog online BPK